000 00767nam a22002897a 4500
001 BR8706672
003 BR-BrBNA
005 20230928092741.0
007 ta
008 230509b bl.||||| |||| 00| 0 por d
040 _aBR-BrBNA
_bpor
_cBiblioteca Nacional de Agricultura
041 _a(Por)
072 _aL70
_b5212
090 _ 5212 BR8706672
100 1 _aSouza, R.K.A. de
100 1 _aMoreira, A.H.
100 1 _aMoreira, T.M.S.
110 1 _aFaculdade de Ciencias Agrarias do Para, Belem (Brasil)
245 1 _aCuidados profilaticos de bovinos
260 3 _aBelem, PA (Brasil):
_c1984.
300 _a19 p.
500 _a12 illus.
650 _aBOVINO
650 _aHIGIENE VETERINARIA
909 _a202309
_bLucia
_c55
_dLucia Elande
942 _cBK
999 _c40971
_d40971